000
00254nam a2200097Ia 4500
001
1226786
005
20250827093011.0
008
250824s9999 xx 000 0 und d
245
0
_a
ARAZ
_c
KAHRAMAN TAZEOĞLU
260
_b
DESTEK YAYINLARI
999
_c
1226786
_d
1226786